[Event "Dresden ZMD op-C 21th"]
[Site "Dresden"]
[Date "2012.08.26"]
[Round "9"]
[White "Fazekas, Tibor"]
[Black "Koenig, Juergen"]
[Result "1/2-1/2"]
[WhiteElo "1540"]
[BlackElo "1491"]
[PlyCount "32"]
[EventDate "2012.08.18"]
[EventType "swiss"]
[EventRounds "9"]
[EventCountry "GER"]
[SourceTitle "CBM 150 Extra"]
[Source "ChessBase"]
[SourceDate "2012.10.19"]
[SourceVersion "1"]
[SourceVersionDate "2012.10.19"]
[SourceQuality "1"]

1. d4 d5 2. c4 e6 3. Nf3 Nf6 4. Nc3 Nbd7 5. e3 Be7 6. Bd3 0-0 7. Qc2 dxc4 8. Bxc4 c5 9. dxc5 Bxc5 10. 0-0 b6 11. Ne4 Be7 12. Bd3 Bb7 13. Nxf6+ Nxf6 14. e4 Rc8 15. Qe2 Re8 16. Bd2 Rf8 1/2-1/2